000
00282nam a2200121Ia 4500
005
20251222141919.0
008
251222s9999||||xx |||||||||||||| ||spa||
082
_a
858.83/A54/1998
100
_a
Amicis, Edmundo de
245
0
_a
Corazón
264
_b
Sociedad Comercial
942
_c
LIB
999
_c
8659
_d
8659